000 00533nam a2200145 a 4500
001 000028088
005 20200930031335.0
008 110406s1970 dr 000 0 spa d
040 _aDO-SdBNP
_bspa
_cBNPHU
110 1 _aRepública Dominicana
_bPresidencia de la República
_917065
245 1 0 _aExposición del jefe de la misión de República Dominicana ante el Comite Interamericano de la Alianza para el Progreso.
260 _aSanto Domingo :
_bPresidencia de la República,
_c1970.
300 _a101 p. ;
_c23 cm.
049 _aBNPD
999 _c27580
_d27580